000
00344nam a2200145 4500
008
190319s2010||||xo d
245
1
0
_a
Praktická prírucka pre ucitela
250
_a
1. vydanie
260
_b
MPC
_a
Bratislava
_c
2010
300
_a
143 s.
020
_a
978-80-8052-347-3
_c
0
041
1
_a
slo
044
_a
xo
_c
SK
958
_a
A
999
_c
22233
_d
22233